Statystyki dla Nazwy Państw Zapisane w ich Języku Urzędowym #1

Kliknij tutaj aby rozwiązać quiz!

Ogólne statystyki

  • Ten quiz został rozwiązany 227 razy
  • Średni wynik to 23 z 29

Statystyki odpowiedzi

Nazwa państwaNazwa państwa po polsku% Poprawnych
MéxicoMeksyk
99%
BrasilBrazylia
98%
FranceFrancja
98%
SlovenskoSłowacja
98%
EspañaHiszpania
97%
RomâniaRumunia
97%
United KingdomWielka Brytania
97%
ItaliaWłochy
97%
AzərbaycanAzerbejdżan
96%
Việt NamWietnam
96%
РоссияRosja
95%
SoomaaliyaSomalia
95%
ÖsterreichAustria
91%
SchweizSzwajcaria
91%
العراق (Al-'Iraq)Irak
89%
日本Japonia
88%
Timor-LesteTimor Wschodni
86%
جيبوتي (Jībūtī)Dżibuti
82%
HrvatskaChorwacja
80%
SeselSeszele
79%
MagyarországWęgry
77%
São Tomé e PríncipeWyspy Świętego Tomasza i Książęca
74%
Côte d'IvoireWybrzeże Kości Słoniowej
71%
AyitiHaiti
63%
БългарияBułgaria
54%
SuomiFinlandia
53%
ישראלIzrael
30%
საქართველოGruzja
28%
ՀայաստանArmenia
23%

Rozkład punktacji

Percentyl według liczby udzielonych odpowiedzi

Procent ludzi z każdym wynikiem

Twoja historia wyników

Nie rozwiązałeś tego quizu